|
|
|
|
| LEADER |
02303nam a2200577 i 4500 |
| 001 |
nkc20243643984 |
| 003 |
CZ PrNK |
| 005 |
20241217150824.0 |
| 007 |
ta |
| 008 |
241120s2024 xr ach e c 000 0dcze |
| 020 |
|
|
|a 978-80-88423-18-8
|q (brožováno)
|
| 040 |
|
|
|a BOA001
|b cze
|e rda
|
| 041 |
0 |
|
|a cze
|b eng
|
| 043 |
|
|
|a e-xr---
|
| 045 |
|
|
|a x-x-
|
| 072 |
|
7 |
|a 75
|x Malířství
|2 Konspekt
|9 21
|
| 080 |
|
|
|a 75(437.3)
|2 MRF
|
| 080 |
|
|
|a 75.036/.038
|2 MRF
|
| 080 |
|
|
|a (437.3)
|2 MRF
|
| 080 |
|
|
|a (083.824)
|2 MRF
|
| 100 |
1 |
|
|a Bartoš, Břetislav,
|d 1893-1926
|7 jn20000728024
|4 art
|
| 245 |
1 |
0 |
|a Pozoruhodný příběh Břetislava Bartoše /
|c Jan Galeta, Christian Drobe, Tomáš Valeš
|
| 264 |
|
1 |
|a [Roudnice nad Labem] :
|b Galerie Roudnice,
|c 2024
|
| 300 |
|
|
|a 55 stran :
|b ilustrace (převážně barevné), portréty, faksimile ;
|c 25 cm
|
| 336 |
|
|
|a text
|b txt
|2 rdacontent
|
| 336 |
|
|
|a statický obraz
|b sti
|2 rdacontent
|
| 337 |
|
|
|a bez média
|b n
|2 rdamedia
|
| 338 |
|
|
|a svazek
|b nc
|2 rdacarrier
|
| 500 |
|
|
|a Katalog ke stejnojmenné výstavě konané 5.11.2024-2.2.2025 v Galerii moderního umění v Roudnici nad Labem
|
| 500 |
|
|
|a Životopisná data
|
| 500 |
|
|
|a 130 výtisků
|
| 504 |
|
|
|a Obsahuje bibliografii
|
| 546 |
|
|
|a Anglické resumé
|
| 600 |
1 |
7 |
|a Bartoš, Břetislav,
|d 1893-1926
|7 jn20000728024
|2 czenas
|
| 648 |
|
7 |
|a 20. století
|7 ch460558
|2 czenas
|
| 650 |
0 |
7 |
|a české malířství
|7 ph116864
|y 20. století
|2 czenas
|
| 650 |
0 |
7 |
|a moderní malířství
|7 ph122940
|z Česko
|2 czenas
|
| 650 |
0 |
9 |
|a Czech painting
|y 20th century
|2 eczenas
|
| 650 |
0 |
9 |
|a modern painting
|z Czechia
|2 eczenas
|
| 655 |
|
7 |
|a katalogy výstav
|7 fd132536
|2 czenas
|
| 655 |
|
9 |
|a exhibition catalogs
|2 eczenas
|
| 700 |
1 |
|
|a Galeta, Jan,
|d 1982-
|7 xx0072549
|4 wfw
|
| 700 |
1 |
|
|a Drobe, Christian,
|d 1983-
|7 mzk20241245514
|4 wfw
|
| 700 |
1 |
|
|a Valeš, Tomáš,
|d 1984-
|7 mzk2009521608
|4 wfw
|
| 710 |
2 |
|
|a Galerie moderního umění (Roudnice nad Labem, Česko)
|7 kn20010709267
|4 orm
|4 isb
|
| 910 |
2 |
|
|a BOA001
|b 2-1534.772
|
| 928 |
9 |
|
|a Galerie moderního umění v Roudnici nad Labem, příspěvková organizace Ústeckého kraje
|
| 990 |
|
|
|a BK
|
| 995 |
|
|
|a 11
|
| 991 |
|
|
|b 202411
|c NOV
|
| 996 |
6 |
|
|b 2610987999
|c 2-1534.772
|l MZK
|r Sklad / do 1 hodiny
|n 2
|p p.v.
|w 001986173
|u 000010
|a 1
|e BOA001
|j MZK50
|s P
|